00281nam a22001097a 4500020001500000082001900015100004100034245002700075260003500102300000800137650002600145 a2825410381 a354.480201 KAN aKanyoro Musimbi R.A.aWendy S.Robins aThe Power We Celebrate aGenevabWCC Publicationsc1992 a102 aWomen in Christianity